1192 1803 1314 1787 1238 1135 1791 1296 1333 1245 1456 1058 1528 1735 1434 1924 1631 1606 1121 1955 1198 1551 1878 1744 1242 1003 1832 1712 1362 1671 1573 1422 1320 1149 1420 1802 1194 1608 1198 1282 1341 1139 1347 1534 1298 1505 1799 1075 1955 1560 1328 1994 1713 1593 1953 1351 1160 1467 1341 1216 1205 1511 1649 1122 1811 1979 1043 1660 1574 1667 1128 1821 1509 1796 1289 1490 1735 1498 1587 1988 1303 1536 1939 1103 1449 1038 1789 1867 1147 1147 1675 1930 1639 1793 1049 1623 1746 1699 1354 BCNSPRNW ULIB Ver.6.0+V

เปลี่ยนเป็นภาษาไทย

Change to English
 แสดงรายละเอียดบรรณานุกรม
  กลับหน้าหลัก

Brief Record : Get Marc (ISO 2709) : E-mail record : QR code < ปิดหน้าต่าง
LEADER : 00000nam 2200000uu 4500
001    13399112910
003     ULIB
008    110916s2553||||th 000 0 tha d
020    9786165000499
090    นว.^bร147ก 2553
100 0  ร่มแก้ว
245 00 กับดักรักลวง/^cร่มแก้ว
250    พิมพ์ครั้งที่ 2
260    กรุงเทพฯ :^bพิมพ์คำ,^c2553
300    339 หน้า
945    ^p240^l0^i16995
995    กัณชพร
999     ^aใช้งานได้ทุกระบบ
รายการนี้ยังไม่มีแท็ก
คุณยังไม่ได้ล็อกอิน คุณสามารถมีกิจกรรมร่วมกับเว็บไซต์ได้ แต่ต้องล็อกอินก่อน ::
  ล็อกอิน

รายการสื่อสารสนเทศ

ลำดับที่ ประเภท เลขเรียก/บาร์โค้ด สถานที่ สถานะ
1. วิทยาศาสตร์การแพทย์ และสุขภาพ
วิทยาศาสตร์การแพทย์ และสุขภาพ
นว. ร147ก 2553  
  Barcode: 16995
ห้องสมุดวิทยาเขตสวรรค์ประชารักษ์
►นวนิยาย
บนชั้น
  ขอยืม

รายการใกล้เคียง
    ผู้แต่ง [ร่มแก้ว]

BibComment


ยังไม่เคยถูกคอมเมนท์

คอมเมนท์ทรัพยากรรายการนี้
  คอมเมนท์: กับดักรักลวง ร่มแ..


 Copyright 2026. Bcnsprnw @Library